| 000 | 00706na a2200253 4500 | ||
|---|---|---|---|
| 001 | 19539 | ||
| 003 | MIRAKIL | ||
| 005 | 20181213155138.0 | ||
| 008 | 170213b tu 000 0 | ||
| 020 | _a9786051400358 | ||
| 040 |
_aMilas _btur _cTR-AnCHP |
||
| 041 | _atur | ||
| 082 |
_a322.4 _bK65g 2013 |
||
| 090 | _a322.4 K65g 2013 | ||
| 100 | _aKongar, Emre | ||
| 245 |
_aGezi direnişi _cEmre Kongar, Aykut Küçükkaya |
||
| 260 |
_aİstanbul _bCumhuriyet Kitapları _c2013 |
||
| 300 |
_a189 s. _c23 sm. |
||
| 500 | _aDış kapakta yapıt adı: Türkiye'yi sarsan otuz gün | ||
| 650 | _aGezi direnişi | ||
| 650 | _aGezi Parkı Olayları | ||
| 700 | _aKüçükkaya, Aykut | ||
| 942 |
_2dcc _cBKS |
||
| 999 |
_c7438 _d7438 |
||